| 000 | 00739nam a2200217 4500 | ||
|---|---|---|---|
| 003 | OSt | ||
| 005 | 20240726040421.0 | ||
| 006 | a | ||
| 008 | 240726b |||||||| |||| 00| 0 eng d | ||
| 020 | _a9789710328277 | ||
| 040 |
_aDWCL-Main lib. _cOC |
||
| 082 |
_22010 latest edition _aGR. 423 N532 2010 |
||
| 110 | _aChildren’s Press Publication | ||
| 245 | _aThe new comprehensive English-Filipino dictionary : built-in thesaurus / | ||
| 250 | _a2010 latest edition | ||
| 260 |
_aAngeles City, Pampanga : _bChildren’s Press Pub., _cc2010. |
||
| 300 |
_axii, _b(various paging) : ill. ; _c28 cm. |
||
| 504 | _aIncludes index. | ||
| 650 | _a1. English language-Dictionaries-Filipino. | ||
| 942 |
_2ddc _n0 _cGR _e2010 latest edition _kGR. |
||
| 999 |
_c2784 _d2784 |
||